Human resource management :strategy and practice / (Record no. 3224)

000 -LEADER
fixed length control field 00923cam a22003138i 4500
001 - CONTROL NUMBER
control field 18160424
003 - CONTROL NUMBER IDENTIFIER
control field OSt
005 - DATE AND TIME OF LATEST TRANSACTION
control field 20160907153741.0
008 - FIXED-LENGTH DATA ELEMENTS--GENERAL INFORMATION
fixed length control field 140522s2014 mau 001 0 eng
010 ## - LIBRARY OF CONGRESS CONTROL NUMBER
LC control number 2014018864
020 ## - INTERNATIONAL STANDARD BOOK NUMBER
International Standard Book Number 9780170233668 (pbk.)
040 ## - CATALOGING SOURCE
Original cataloging agency DLC
Language of cataloging eng
Transcribing agency DLC
Description conventions rda
042 ## - AUTHENTICATION CODE
Authentication code pcc
050 00 - LIBRARY OF CONGRESS CALL NUMBER
Classification number HF5549.N36 2014
082 00 - DEWEY DECIMAL CLASSIFICATION NUMBER
Classification number 658.3
Edition number 23
100 ## - MAIN ENTRY--PERSONAL NAME
Personal name Nankervis,Alan
245 00 - TITLE STATEMENT
Title Human resource management :strategy and practice /
Statement of responsibility, etc Alan Nankervis....[et al]
250 ## - EDITION STATEMENT
Edition statement 8th edition.
260 ## - PUBLICATION, DISTRIBUTION, ETC. (IMPRINT)
Place of publication, distribution, etc Australia.
Name of publisher, distributor, etc Cengage Learning
Date of publication, distribution, etc 2014
300 ## - PHYSICAL DESCRIPTION
Extent xxiii,611 pages
Other physical details ill.
Dimensions 22cm
500 ## - GENERAL NOTE
General note Includes index.
650 #0 - SUBJECT ADDED ENTRY--TOPICAL TERM
Topical term or geographic name as entry element Personnel management.
700 1# - ADDED ENTRY--PERSONAL NAME
Personal name Baird,Marian
700 1# - ADDED ENTRY--PERSONAL NAME
Personal name Coffey,Jane
700 1# - ADDED ENTRY--PERSONAL NAME
Personal name Shields,John
906 ## - LOCAL DATA ELEMENT F, LDF (RLIN)
a 7
b cbc
c orignew
d 1
e ecip
f 20
g y-gencatlg
942 ## - ADDED ENTRY ELEMENTS (KOHA)
Source of classification or shelving scheme
Koha item type Book
Holdings
Withdrawn status Lost status Source of classification or shelving scheme Damaged status Not for loan Home library Current library Shelving location Date acquired Total Checkouts Full call number Barcode Date last seen Date checked out Copy number Price effective from Koha item type
          Riara University Library Riara University Library General stack 07/09/2016 8 HF5549.N36 2014 8224/16 04/06/2025 14/02/2025 C.1 07/09/2016 Book

Riara University Library,
P.O. Box 49940-00100,
Nairobi, Kenya.